Score 0/11 Timer 05:00
0 Plays Today
% Correct
Great Sandy Desert
77.8%
Gibson Desert
66.7%
Great Victoria Desert
55.6%
Simpson Desert
55.6%
Tanami Desert
44.4%
Little Sandy Desert
44.4%
Tirari Desert
33.3%
Rangipo Desert
33.3%
Strzelecki Desert
22.2%
Sturt Stony Desert
22.2%
Pedirka Desert
22.2%
Remove Ads.
Support Sporcle.
Get the best of Sporcle when you Go Orange. This ad-free experience offers more features, more stats, and more fun while also helping to support Sporcle. Thank you for becoming a member.

You're not logged in!

Compare scores with friends on all Sporcle quizzes.
OR
Log In

Sporcle TV

Today on Sporcle TV


Watch our educational content, quiz creation guides, and fun videos on Sporcle TV.

Show Comments

Extras

Created Sep 26, 2017ReportNominate
Tags:Oceania Quiz, Desert

Top Quizzes Today


Score Distribution

Paid Content

Your Account Isn't Verified!

In order to create a playlist on Sporcle, you need to verify the email address you used during registration. Go to your Sporcle Settings to finish the process.

Report this User

Report this user for behavior that violates our Community Guidelines.

Details: